| 000 | 01183cam a22003615a 4500 | ||
|---|---|---|---|
| 001 | 6966 | ||
| 003 | FISKH | ||
| 005 | 20250826144324.0 | ||
| 008 | 031031s2002 nyua b 000 1 eng | ||
| 010 | _a 2003273710 | ||
| 020 | _a0439351278 | ||
| 020 | _a9780439351270 | ||
| 040 |
_aWIM _cWIM _dDLC _beng |
||
| 050 | _aPZ7.G56777 G | ||
| 082 | _a557 | ||
| 100 | 1 | _aGoldish, Meish. | |
| 245 | 1 | 4 |
_aThe garden on Green Street / _cby Meish Goldish ; illustrated by Judy Jarrett. |
| 260 |
_aNew York : _bScholastic, _c2002. |
||
| 300 |
_a16 pages : _bcolor illstrations ; _c25 cm |
||
| 505 | _aL | ||
| 520 | _aA neighborhood unites to create a community garden on an empty lot, then must fight to keep it when the owners of the lot want to build a parking lot. | ||
| 521 | 8 |
_a520
_bLexile |
|
| 521 | 8 |
_aL
_bRaz-Plus |
|
| 650 | 0 |
_aCommunity gardens _vJuvenile fiction. |
|
| 650 | 0 |
_aSocial action _vJuvenile fiction. |
|
| 650 | 1 |
_aGardens _vFiction. |
|
| 650 | 1 |
_aNeighbors _vFiction. |
|
| 650 | 1 |
_aSocial action _vFiction. |
|
| 700 | 1 |
_aJarrett, Judy, _eillustrator |
|
| 906 |
_a7 _bcbc _ccopycat _d3 _encip _f20 _gy-gencatlg |
||
| 942 |
_2ddc _cBK _n0 |
||
| 999 |
_c6966 _d6966 |
||